ბათუმის შოთა რუსთაველის სახელმწიფო უნივერსიტეტის ბიბლიოთეკა

საქართველოს სსრ მოსახლეობის აღწარმოების საკითხები. (ბიბ.ჩანაწერი № 38131)

000 -LEADER
fixed length control field 00963nam a2200229Ia 4500
001 - CONTROL NUMBER
control field 4121
003 - CONTROL NUMBER IDENTIFIER
control field GE_BSU
008 - FIXED-LENGTH DATA ELEMENTS--GENERAL INFORMATION
fixed length control field 181216s||||||||xx |||||||||||||| ||und||
040 ## - CATALOGING SOURCE
Transcribing agency GE_BSU
080 ## - UNIVERSAL DECIMAL CLASSIFICATION NUMBER
Universal Decimal Classification number 314.02(479.22)
100 ## - MAIN ENTRY--PERSONAL NAME
Personal name გუგუშვილი, პაატა. П. В. Гугушвили
245 ## - TITLE STATEMENT
Title საქართველოს სსრ მოსახლეობის აღწარმოების საკითხები.
245 ## - TITLE STATEMENT
Remainder of title Вопросы воспроизводства населения Грузинской ССР.
245 ## - TITLE STATEMENT
Statement of responsibility, etc. რედ. ბ. ხასაია.
260 ## - PUBLICATION, DISTRIBUTION, ETC.
Place of publication, distribution, etc. თბილისი
260 ## - PUBLICATION, DISTRIBUTION, ETC.
Name of publisher, distributor, etc. მეცნიერება
260 ## - PUBLICATION, DISTRIBUTION, ETC.
Date of publication, distribution, etc. 1973
300 ## - PHYSICAL DESCRIPTION
Extent 220 გვ. 21 სმ.
653 ## - INDEX TERM--UNCONTROLLED
Uncontrolled term საქართველოს სსრ მოსახლეობის აღწარმოების საკითხები.
942 ## - ADDED ENTRY ELEMENTS (KOHA)
Koha item type წიგნი
ეგზემპლარები
Withdrawn status Lost status Damaged status Not for loan Date acquired Barcode Date last seen Price effective from Koha item type Public note
        2018-12-17 5842 2018-12-17 2018-12-17 წიგნი დარბაზი